Textilné materiály (laboratórne cvičenia)

Bibliographic Details
Main Authors: Lizák, Pavol, 1960- (Author), Legerská, Jela (Author)
Format: Book
Language:Slovak
PhysicalDescription:52 s. sch., tab. 29 cm
Published: [Trenčín] Trenčianska univerzita Alexandra Dubčeka 2004
ISBN:808075036X
Edition:[1. vyd.]
Subjects:

MARC

LEADER 00000nam a2200000 a 4500
001 vtls001516673
003 SK-MaSNL
005 20260301122514.0
008 240314s2004 xo l d p 000 0 slo
015 |a SNBA2005/08-02975 
020 |a 808075036X  |q (brož.) 
035 |a 4C4ECBE4-3166-4AAE-8221-3BBA59DBC019 
035 |a urn:nbn:sk:snk-amtif2 
035 |a urn:nbn:sk:snk-am00c4yl 
040 |a SNK  |b slo  |c SNK  |e AACR2 
041 0 |a slo 
044 |a xo  |c SK 
072 7 |a 677  |x Textilný priemysel  |2 konspekt 
080 |a 677.1/.5  |2 MDT-MRF 
080 |a 005.336.3  |2 MDT-MRF 
080 |a (075.8)  |2 MDT-MRF 
080 |a (076.5)  |2 MDT-MRF 
080 |a 677.074/.077  |2 MDT-MRF 
100 1 |a Lizák, Pavol,  |d 1960-  |4 aut  |9 49023 
245 1 0 |a Textilné materiály  |b (laboratórne cvičenia)  |c Pavol Lizák, Jela Legerská 
250 |a [1. vyd.] 
260 |a [Trenčín]  |b Trenčianska univerzita Alexandra Dubčeka  |c 2004 
300 |a 52 s.  |b sch., tab.  |c 29 cm 
500 |a Sch. na tit. strane 
501 |a Na tit. strane uvedené miesto vyd. Ružomberok 
501 |a Miesto vydania uvedené podľa ISBN 
504 |a Bibliogr. s. 52 
650 0 7 |a textílie  |2 SNKPH  |9 26276 
650 0 7 |a textilné vlákna  |2 SNKPH  |9 51344 
650 0 7 |a kvalita  |2 SNKPH  |9 1150 
655 7 |a učebnice vysokých škôl  |2 SNKPH  |9 70191 
655 7 |a laboratórne cvičenia  |2 SNKPH  |9 70629 
700 1 |a Legerská, Jela  |4 aut  |9 428984 
919 |a 80-8075-036-X 
968 |d 66/69 
999 |c 733045  |d 734975 
952 |a SNK  |b SNK  |y PREZ  |7 0  |p 17A0460251  |o snkSB 70065  |i snk2005/3080  |8 0  |0 0  |1 0  |4 0  |d 2005-03-02  |f 1  |l 0  |r 2025-04-25 00:00:00  |w 2026-02-23 
952 |a SNK  |b SNK  |y VYP  |7 0  |p 17A0671754  |o snkSB 70065 D1  |i snk2005/3081  |8 0  |0 0  |1 0  |4 0  |d 2005-03-02  |l 0  |r 2026-02-23 22:35:24  |w 2026-02-23